Jatočné ošípané situačná a výhľadová správa - marec 2002

Salvato in:
Dettagli Bibliografici
Natura: Libro
Lingua:slovacco
inglese
Pubblicazione: Bratislava Ministerstvo pôdohospodárstva SR 2002
Soggetti:
Tags: Aggiungi Tag
Nessun Tag, puoi essere il primo ad aggiungerne!!

MARC

LEADER 00000nam a2200000 4500
001 c134331
005 20251203134841.6
020 |a 80-8058-255-6 
041 0 |a slo 
041 0 |a eng 
044 |a SK 
245 1 0 |a Jatočné ošípané  |b situačná a výhľadová správa - marec 2002  |c Juraj Žatkovič 
264 1 |a Bratislava  |b Ministerstvo pôdohospodárstva SR  |c 2002 
300 |a 33 s. 
610 2 0 |a potravinárstvo 
610 2 0 |a potraviny 
610 2 0 |a poľnohospodárstvo 
610 2 0 |a pôdohospodárstvo 
610 2 0 |a zvieratá 
610 2 0 |a výroba živočíšna 
610 2 0 |a mäso 
610 2 0 |a mäsopriemysel 
610 2 0 |a predaj 
610 2 0 |a spotreba 
610 2 0 |a ceny 
610 2 0 |a regulácia trhu 
610 2 0 |a trh svetový 
610 2 0 |a porovnanie medzinárodné 
610 2 0 |a prognózy 
610 2 0 |a Slovensko